SM-Liiga joukkueiden värit - Statistics

Yleistilastot
  • Tätä visaa on pelattu 160 kertaa
    14 viimeisimmän päivityksen jälkeen
  • Keskiarvotulos 38 / 45
Vastaustilastot
Joukkue Väri % Oikein
HIFK punainen
100%
Ilves keltainen
92%
Kärpät keltainen
92%
Kärpät musta
92%
HIFK sininen
92%
Kärpät valkoinen
92%
Ilves vihreä
92%
Jukurit keltainen
85%
KalPa keltainen
85%
Kiekko-Espoo keltainen
85%
Lukko keltainen
85%
SaiPa keltainen
85%
HPK musta
85%
Ilves musta
85%
JYP musta
85%
KalPa musta
85%
Kookoo musta
85%
SaiPa musta
85%
TPS musta
85%
Ässät musta
85%
HPK oranssi
85%
Kookoo oranssi
85%
Tappara oranssi
85%
JYP punainen
85%
Sport punainen
85%
Ässät punainen
85%
Jukurit sininen
85%
Kiekko-Espoo sininen
85%
Lukko sininen
85%
Tappara sininen
85%
HIFK valkoinen
85%
JYP valkoinen
85%
Sport valkoinen
85%
Tappara valkoinen
85%
TPS valkoinen
85%
Ässät valkoinen
85%
Jokerit Keltainen
77%
Pelicans musta
77%
Jokerit Punainen
77%
Pelicans turkoosi
77%
HPK valkoinen
77%
Kiekko-Espoo valkoinen
77%
Kookoo valkoinen
77%
Pelicans valkoinen
77%
Jukurit punainen
54%
Ehtoja vastaavia visoja ei löytynyt
Tulosjakauma
Jokaisen tuloksen saaneiden osuus
Persentiili vastausten määrän mukaan
Tuloshistoriasi
Et ole pelannut tätä visaa sen viimeisimmän päivityksen jälkeen